000 00401nam a2200169Ia 4500
008 210210b1936 xxu||||| |||| 00| 0 eng d
041 _aeng
082 _a829/1051
100 _aStevenson (R L)
245 _aMaster of Ballantrae
260 _aLondon
_bOxford University Press
_c1936
650 _aof
650 _aMaster
650 _aBallantrae
690 _aEnglish Fiction
906 _a017666
999 _c137650
_d137650